00357nam a2200145Ia 4500008004100000020001700041082000800058100001800066245004200084250000600126260003100132300001000163500002400173650001400197230524s9999 xx 000 0 und d a978938007602 bROY aH.J.Ghosh Roy 2aA Textbook of Accounting for Managers a4 aNew DelhibVayu edu.c2011 a727p; aQuantity Number: 1 aEconomics